000 00786nam a2200325Ia 4500
008 170711s9999 xx 000 0 und d
020 _a9788172452025
050 _a530.07
050 _bB717 2012
100 _aBonnet, Bob
245 _aScience fair projects :
245 _bPhysics /
245 _cby Bob Bonnet.
260 _aNew Delhi :
260 _bGoodwill,
260 _c2012
300 _a95 pages :
300 _billustrations ;
300 _c25cm.
440 _aGoodwill's.
500 _aIncludes glossary and index.
650 _aPhysics --
650 _aPhysics -- Experiments.
650 _aScience projects --
650 _xExperiments.
650 _xJuvenile literature.
700 _aKeen, Dan.
700 _aSeries.
700 _aTitle.
999 _c339801
_d339801